000 00390pab a2200157 454500
008 180718b2001 xxu||||| |||| 00| 0 eng d
100 _aBhide, Shashanke
245 _aUnion budget: 2001-2002: kicking off a new round of reforms
260 _c2001
300 _ap.4-6
362 _aApr
650 _aBudget - India - 2001-2002
650 _aBudget
773 _aYojana
909 _a48237
999 _c48237
_d48237